01272pab a2200205 454500008004000000100002500040245007700065260000900142300001500151362000800166520065100174650001800825650002100843700001800864773004300882908000600925909001100931999001900942952010500961180718b2013 xxu||||| |||| 00| 0 eng d aBala Subramanian, R. aFactors influencing disintegration of informal networks in organizations c2013 ap.247-255. aOct aAn informal network satisfies the basic need for affiliation. There are many more reasons for the formation of an informal network. Similarly there is no single reason for the discontinuation of the informal networks. This paper attempts to find out the factors that influence the informal networks disintegration in organizations. From the literature review it was found that experience, extracurricular activities, homophile, organizational change, organizational structure, norms, information or knowledge embedding and group cohesion are some factors that influence the disintegration of informal network within an organization. - Reproduced. aOrganizations aNetwork analysis aMehta, Sunita aIndian Journal of Industrial Relations aN a103462 c103458d103458 00104070aIIPAbIIPAd2018-07-19hVolume no: 49, Issue no: 2pAR103922r2018-07-19w2018-07-19yAR